| 000 | 00764nam a2200193Ia 4500 | ||
|---|---|---|---|
| 008 | 151121s9999||||xx |||||||||||||| ||und|| | ||
| 082 | _a780/गर्ग | ||
| 082 | _bHNW-58535 | ||
| 100 | _aगर्ग लक्ष्मीनारायण | ||
| 245 | _aसंगीत -रजत जयन्ती अंक | ||
| 260 | _b"संगीत कार्यालय, हाथरस,उत्तरप्रदेश" | ||
| 260 | _c-- | ||
| 300 | _a196 | ||
| 600 | _aगर्ग लक्ष्मीनारायण | ||
| 630 | _aसंगीत -रजत जयन्ती अंक | ||
| 700 | _aगर्ग लक्ष्मीनारायण | ||
| 730 | _aसंगीत -रजत जयन्ती अंक | ||
| 942 | _cBOOK | ||
| 999 |
_c1240351 _d1240348 |
||